LEADER 00944nam0 2200325 450 001 9910228458203321 005 20180115155657.0 010 $a978-88-15-27101-3 100 $a20171130d2017---- km y0itay50 ba 101 0 $aita 105 $ay 001yy 200 1 $aUniversità, ricerca, crescita$erapporto 2017$fItaliadecide 210 $aBologna$cIl Mulino$d2017 215 $a536 p.$d20 cm 610 0 $aUniversità$aInnovazione tecnologica 610 0 $aUniversità$aRicerca scientifica$aItalia 610 0 $aRicerca scientifica$aValutazione 676 $a378$v23$zita 676 $a378.45$v22$zita 676 $a352.54$v22$zita 712 $aItaliadecide 801 0$aIT$bUNINA$gRICA$2UNIMARC 901 $aBK 912 $a9910228458203321 952 $aITA378(17)A$b1399$fDECBC 952 $a378.45 ITA 1$b4413$fBFS 959 $aBFS 959 $aDECBC 996 $aUniversità, ricerca, crescita$91494900 997 $aUNINA LEADER 02943nam 2200517Ia 450 001 9911004781203321 005 20160316090743.0 010 $a1-61583-254-8 010 $a0-585-47522-9 035 $a(CKB)111087026777580 035 $a(SSID)ssj0000097775 035 $a(PQKBManifestationID)12033771 035 $a(PQKBTitleCode)TC0000097775 035 $a(PQKBWorkID)10119887 035 $a(PQKB)10436268 035 $a(UtOrBLW)bslw09405749 035 $a(EXLCZ)99111087026777580 100 $a20160316d2002 uy 0 101 0 $aeng 135 $aurun||||||||| 181 $ctxt 182 $cc 183 $acr 200 00$aAdvanced modeling for transit operations and service planning /$fedited by William H.K. Lam, Michael G.H. Bell 210 31$a[Place of publication not identified]$cPergamon$d2003 215 $a1 online resource (viii, 345 p.) $cill 300 $aBibliographic Level Mode of Issuance: Monograph 311 08$a0-08-044206-4 327 $aInitial planning for urban transit systems / S.C. Wirasinghe -- Public transport timetabling and vehicle scheduling / Avishai Ceder -- Designing public transport networks and routes / Avishai Ceder -- Transit Path Choice and Assignment Model Approaches / A. Nuzzolo -- Schedule-Based Transit Assignment Models / Agostino Nuzzolo -- Frequency based transit route choice models / Michael Florian -- Capacity constrained transit assignment models and reliability analysis / Michael G.H. Bell -- Dynasmart-IP : dynamic traffic assignment meso-simulator for intermodal networks / Hani S. Mahmassani, Khaled F. Abdelghany -- Modeling competitive multi-modal services / Hong K. Lo, C.W. Yip, K.H. Wan -- Modeling urban taxi services : a literature survey and an analytical example / Hai Yang ... [et al.] -- The estimation of origin-destination matrices in transit networks / S.C. Wong, C.O. Tong -- Models for optimizing transit fares / Jing Zhou, William H.K. Lam. 330 $aIn this title, experts in public transport address the current problem of improving public transit systems by taking advantage of new technologies and advanced modelling techniques. The key areas open to improvement are service planning and operations management. 606 $aTransportation$xGeneral$2bisacsh 606 $aTransportation$xPublic Transportation$2bisacsh 606 $aTransport planning & policy$2bicssc 606 $aTransportation$xPlanning$xMathematical models 615 7$aTransportation$xGeneral. 615 7$aTransportation$xPublic Transportation. 615 7$aTransport planning & policy. 615 0$aTransportation$xPlanning$xMathematical models. 676 $a388.015118 701 $aLam$b William H. K$026517 701 $aBell$b Michael G. H$0614266 801 0$bUtOrBLW 906 $aBOOK 912 $a9911004781203321 996 $aAdvanced modeling for transit operations and service planning$94392894 997 $aUNINA LEADER 05380oas 2202053 a 450 001 9910143130703321 005 20260218110802.0 011 $a1297-9686 035 $a(DE-599)ZDB2586100-1 035 $a(OCoLC)38886777 035 $a(CONSER) 2009268505 035 $a(CKB)954925583225 035 $a(DE-599)2012369-3 035 $a(EXLCZ)99954925583225 100 $a19980402a19899999 uy 101 0 $aeng 135 $aur||||||||||| 181 $ctxt$2rdacontent 182 $cc$2rdamedia 183 $acr$2rdacarrier 200 10$aGenetics, selection, evolution 210 $aParis $cEditions Scientifiques Elsevier $cINRA$d©1989- 210 3 $aLondon $cBioMed Central 300 $aRefereed/Peer-reviewed 300 $aBeginning with 2009, published online only. 311 08$a0999-193X 517 1 $aGSE 517 1 $aGenet. sel. evol 531 1 $aGenet. sel. evol. 606 $aLivestock$xBreeding$vPeriodicals 606 $aAnimal genetics$vPeriodicals 606 $aLivestock$xGenetics$vPeriodicals 606 $aEvolution$vPeriodicals 606 $aNatural selection 606 $aDomestic animals 606 $aEvolution (Biology)$vPeriodicals 606 $aNatural selection$vPeriodicals 606 $aGenetics$vPeriodicals 606 $aAnimals 606 $aGenetics 606 $aSelection, Genetic 606 $aAnimals, Domestic 606 $aGe?ne?tique animale$vPe?riodiques 606 $aE?volution (Biologie)$vPe?riodiques 606 $aSe?lection naturelle$vPe?riodiques 606 $aGe?ne?tique$vPe?riodiques 606 $aBe?tail$xGe?ne?tique$vPe?riodiques 606 $aE?volution$vPe?riodiques 606 $aSe?lection naturelle 606 $aAnimaux domestiques 606 $aNatural selection$2fast$3(OCoLC)fst01034520 606 $aGenetics$2fast$3(OCoLC)fst00940117 606 $aEvolution (Biology)$2fast$3(OCoLC)fst00917302 606 $aDomestic animals$2fast$3(OCoLC)fst00896543 606 $aAnimal genetics$2fast$3(OCoLC)fst00809196 606 $aEvolution$2fast$3(OCoLC)fst00917265 606 $aLivestock$xBreeding$2fast$3(OCoLC)fst01000726 606 $aLivestock$xGenetics$2fast$3(OCoLC)fst01000779 606 $aAnimal physiology$2galestne 606 $aZoology and wildlife conservation$2galestne 606 $aProducció animal$2thub 606 $aBestiar$2thub 606 $aEvolució$2thub 606 $aGenètica animal$2thub 606 $aSelecció natural$2thub 608 $aPeriodical. 608 $aFulltext. 608 $aInternet Resources. 608 $aPeriodicals. 608 $aPeriodicals.$2fast 608 $aRevistes electròniques.$2thub 615 0$aLivestock$xBreeding 615 0$aAnimal genetics 615 0$aLivestock$xGenetics 615 0$aEvolution 615 0$aNatural selection. 615 0$aDomestic animals. 615 0$aEvolution (Biology) 615 0$aNatural selection 615 0$aGenetics 615 02$aAnimals. 615 12$aGenetics. 615 12$aSelection, Genetic. 615 22$aAnimals, Domestic. 615 6$aGe?ne?tique animale 615 6$aE?volution (Biologie) 615 6$aSe?lection naturelle 615 6$aGe?ne?tique 615 6$aBe?tail$xGe?ne?tique 615 6$aE?volution 615 6$aSe?lection naturelle. 615 6$aAnimaux domestiques. 615 7$aNatural selection. 615 7$aGenetics. 615 7$aEvolution (Biology) 615 7$aDomestic animals. 615 7$aAnimal genetics. 615 7$aEvolution. 615 7$aLivestock$xBreeding. 615 7$aLivestock$xGenetics. 615 7$aAnimal physiology. 615 7$aZoology and wildlife conservation. 615 7$aProducció animal. 615 7$aBestiar. 615 7$aEvolució. 615 7$aGenètica animal. 615 7$aSelecció natural. 676 $a636.08205 801 0$bOH1 801 1$bOH1 801 2$bOCL 801 2$bOCLCQ 801 2$bCUV 801 2$bGUA 801 2$bSERSO 801 2$bOCLCQ 801 2$bPFM 801 2$bHUL 801 2$bCUS 801 2$bHEBIS 801 2$bTXA 801 2$bUKMGB 801 2$bOCLCF 801 2$bOCL 801 2$bOCLCO 801 2$bOCLCE 801 2$bQE2 801 2$bOCLCQ 801 2$bOCLCO 801 2$bOCLCQ 801 2$bOCLCO 801 2$bOCLCQ 801 2$bCASUM 801 2$bLND 801 2$bCCT 801 2$bZ5A 801 2$bAU@ 801 2$bCUS 801 2$bVT2 801 2$bOCLCO 801 2$bWY@ 801 2$bOCLCO 801 2$bOCLCA 801 2$bBUF 801 2$bOCLCQ 801 2$bOCLCO 801 2$bU3W 801 2$bCUY 801 2$bOCLCO 801 2$bOCLCQ 801 2$bOCLCO 801 2$bWYU 801 2$bOCLCO 801 2$bOCLCA 801 2$bAUD 801 2$bOCLCQ 801 2$bOCLCO 801 2$bOCLCA 801 2$bDLC 801 2$bOCLCQ 801 2$bOCLCO 801 2$bQGK 801 2$bOCLCQ 801 2$bIOY 801 2$bOCL 801 2$bOCLCQ 801 2$bUEJ 801 2$bOCLCQ 801 2$bSFB 801 2$bOCLCQ 906 $aJOURNAL 912 $a9910143130703321 996 $aGenetics selection evolution$9795567 997 $aUNINA